Sports Quiz

Random Sports Quiz

Multiple Masters Winners Quiz Stats

 Plays Quiz not verified by Sporcle

Also try: WCW Four Horsemen
Challenge
Share
Tweet
Embed
Score 0/16 Timer 04:00
0 Plays Today
Player % Correct
Jack Nicklaus
98.1%
Phil Mickelson
96.2%
Arnold Palmer
96.2%
Tiger Woods
96.2%
Gary Player
84.9%
Sam Snead
84.9%
Nick Faldo
81.1%
Tom Watson
79.2%
Player % Correct
Ben Hogan
75.5%
Severiano Ballesteros
60.4%
Jose Maria Olazabal
60.4%
Ben Crenshaw
56.6%
Byron Nelson
49.1%
Bernhard Langer
45.3%
Jimmy Demaret
34%
Horton Smith
30.2%

You're not logged in!

Compare scores with friends on all Sporcle quizzes.
OR
Log In

You Might Also Like...

Show Comments

Extras

Created Apr 8, 2011ReportNominate
Tags:master, multiple, player, winner

Top Quizzes Today


Score Distribution

Your Account Isn't Verified!

In order to create a playlist on Sporcle, you need to verify the email address you used during registration. Go to your Sporcle Settings to finish the process.

Report this User

Report this user for behavior that violates our Community Guidelines.

Details: